00510nam a2200193 a 4500001001300000003000900013005001700022008004100039020002300080082001700103100001500120245005200135260003100187300000900218500003500227505002200262650001700284700001500301nice12345678IN_TiNIC20260116012738.0050524s1990 dela grp 000 0 eng  a8185475 c30000a954.025bNAQ aNaqvi, H K aHistory of Mughal Government and Administration aDelhibKanishka Pub.c1990 a340p aincludes index and biblioraphy2 aAppendices, Index aMughal India1 aNaqvi, H K